[Event "EU-ch U12 26th"]
[Site "Prague"]
[Date "2016.08.26"]
[Round "8"]
[White "Bin Suhayl, Ieysaa"]
[Black "Melkumiants, Alexandr"]
[Result "0-1"]
[WhiteElo "1899"]
[BlackElo "1794"]
[PlyCount "198"]
[EventDate "2016.08.18"]
[EventType "swiss"]
[EventRounds "9"]
[EventCountry "CZE"]
[SourceTitle "CBM 174 Extra"]
[Source "ChessBase"]
[SourceDate "2016.10.10"]
[SourceVersion "1"]
[SourceVersionDate "2016.10.10"]
[SourceQuality "1"]

1. Nf3 Nf6 2. c4 c5 3. g3 g6 4. Bg2 Bg7 5. 0-0 0-0 6. d4 cxd4 7. Nxd4 Nc6 8. Nc3 Ng4 9. e3 d6 10. b3 Nge5 11. Bb2 Nxd4 12. exd4 Nc6 13. d5 Ne5 14. Qd2 Bf5 15. Ne4 Qb6 16. Rac1 Rfc8 17. Ba3 Bxe4 18. Bxe4 a5 19. Rb1 Qa7 20. Bb2 Nd7 21. Rfe1 Bxb2 22. Qxb2 Rc7 23. Bc2 Nf6 24. Bd3 Re8 25. Kg2 Qc5 26. h4 Nh5 27. a3 Ng7 28. Qd2 Qxa3 29. h5 Qb4 30. Qxb4 axb4 31. hxg6 hxg6 32. Ra1 e6 33. dxe6 Nxe6 34. Kf1 Kf8 35. Ra5 Nd4 36. Rxe8+ Kxe8 37. Ra4 Nxb3 38. Rxb4 Nc5 39. Bc2 Ke7 40. Ke2 Ke6 41. Ke3 Re7 42. Kd4 Kd7 43. Rb2 Kc7 44. Bb3 Re1 45. g4 Re4+ 46. Kc3 Rxg4 47. Kd2 Nxb3+ 48. Rxb3 Rxc4 49. Rf3 f5 50. Rg3 Rg4 51. Rc3+ Kb6 52. Rb3+ Kc5 53. Rc3+ Kd5 54. Rb3 Rd4+ 55. Ke2 Re4+ 56. Kd2 Re7 57. Kd3 Ke5 58. Ke3 g5 59. Kd2 g4 60. Rg3 Rg7 61. Re3+ Kf6 62. Rd3 Rd7 63. Kc3 d5 64. Kd4 b6 65. Rd2 f4 66. Re2 Kg5 67. Re6 g3 68. fxg3 fxg3 69. Re8 Kg4 70. Rg8+ Kf3 71. Rf8+ Kg2 72. Rg8 Kf2 73. Rf8+ Kg1 74. Rg8 g2 75. Rg6 Rh7 76. Rxb6 Kh1 77. Rb1+ g1Q+ 78. Rxg1+ Kxg1 79. Kxd5 Rh4 80. Ke5 Kf2 81. Kd5 Ke3 82. Ke5 Rh5+ 83. Kd6 Ke4 84. Kc6 Kd4 85. Kd6 Rh6+ 86. Ke7 Kd5 87. Kf7 Ke5 88. Kg7 Rb6 89. Kf7 Ra6 90. Kg7 Kf5 91. Kh7 Kg5 92. Kg7 Ra7+ 93. Kf8 Kf6 94. Ke8 Rh7 95. Kd8 Ke6 96. Kc8 Kd6 97. Kb8 Kc6 98. Ka8 Kb6 99. Kb8 Rh8# 0-1

[Event "EU-ch U12 26th"]
[Site "Prague"]
[Date "2016.08.25"]
[Round "7"]
[White "Melkumiants, Alexandr"]
[Black "Decuigniere, Tom"]
[Result "1/2-1/2"]
[WhiteElo "1794"]
[BlackElo "1878"]
[PlyCount "87"]
[EventDate "2016.08.18"]
[EventType "swiss"]
[EventRounds "9"]
[EventCountry "CZE"]
[SourceTitle "CBM 174 Extra"]
[Source "ChessBase"]
[SourceDate "2016.10.10"]
[SourceVersion "1"]
[SourceVersionDate "2016.10.10"]
[SourceQuality "1"]

1. Nf3 c5 2. c4 g6 3. g3 Bg7 4. Bg2 Nc6 5. 0-0 d6 6. Nc3 Bf5 7. d3 Qd7 8. Bd2 Bh3 9. Bxh3 Qxh3 10. Nd5 Rc8 11. Bc3 Bxc3 12. Nxc3 Nf6 13. Ng5 Qh5 14. Nf3 g5 15. Kg2 g4 16. Nh4 Nd7 17. Nd5 Nf8 18. Nf4 Qg5 19. Kg1 Ng6 20. Nfg2 Nxh4 21. Nxh4 Qe5 22. Qd2 Nd4 23. Rfe1 h5 24. Qc3 Kd7 25. e3 Nc6 26. Qxe5 Nxe5 27. Rad1 Rc6 28. b3 a6 29. d4 Ng6 30. Nxg6 fxg6 31. e4 cxd4 32. Rxd4 e5 33. Rd5 Ke7 34. Red1 Rd8 35. Kf1 g5 36. Ke2 b6 37. R1d2 Ke6 38. Kd1 Ke7 39. Rc2 Rdc8 40. Rcd2 Rd8 41. Rc2 Rdc8 42. a4 Rc5 43. Rcd2 R5c6 44. Rc2 1/2-1/2

[Event "EU-ch U12 26th"]
[Site "Prague"]
[Date "2016.08.19"]
[Round "2"]
[White "Jun, Rudolf Jr"]
[Black "Melkumiants, Alexandr"]
[Result "0-1"]
[WhiteElo "1621"]
[BlackElo "1794"]
[PlyCount "88"]
[EventDate "2016.08.18"]
[EventType "swiss"]
[EventRounds "9"]
[EventCountry "CZE"]
[SourceTitle "CBM 174 Extra"]
[Source "ChessBase"]
[SourceDate "2016.10.10"]
[SourceVersion "1"]
[SourceVersionDate "2016.10.10"]
[SourceQuality "1"]

1. e4 c5 2. Nf3 d6 3. Nc3 Nf6 4. d4 cxd4 5. Nxd4 g6 6. Bc4 Bg7 7. 0-0 0-0 8. Be3 Nc6 9. h3 Qa5 10. Bd5 Bd7 11. a3 Nxd4 12. Bxd4 Bc6 13. b4 Qc7 14. Rc1 Rfc8 15. f3 Bxd5 16. Nxd5 Nxd5 17. exd5 Bxd4+ 18. Qxd4 Qc3 19. Qd3 Rc4 20. Rfe1 Kf8 21. Re3 Qxd3 22. Rxd3 Rac8 23. c3 b6 24. Re3 a5 25. Rce1 R8c7 26. Rc1 axb4 27. axb4 Rxb4 28. Kf2 Rbc4 29. Ke2 b5 30. Kd2 b4 31. g3 Ke8 32. Rc2 Kd7 33. Re4 Rxe4 34. fxe4 Rxc3 35. Rxc3 bxc3+ 36. Kxc3 Kc7 37. Kd4 Kb6 38. h4 Kb5 39. g4 Kb4 40. e5 Kb5 41. g5 Kb4 42. Ke4 Kc4 43. h5 Kc5 44. hxg6 hxg6 0-1